000 00581nam a2200217Ia 4500
003 OSt
005 20220924144925.0
006 a|||||r|||| 00| 0
007 ta
008 220923b |||||||| |||| 00| 0 urd d
024 _a323775
037 _cTextual
040 _aARTS
_cARTS
_burd
041 _2urd
_aurd
082 _aX:546, 168J3
100 _aAhmad Mujeeb Au.
_9218708
245 0 _aArbon ki guzashta tijarat aur Englishtan ki sanat-o-haraft
260 _c1953
942 _hX:546, 168J3
_cTEXL
_2CC
999 _c458662
_d458662